000 00712nam a2200181 a 4500
008 060606s2005 ||||||||||||||||| || u
050 _aIBRD(08)PRWP/3747
100 _aRobilliard, Anne-Sophie
245 1 4 _aThe social impact of a WTO agreement in Indonesia
260 _aWasington, D. C
_bWorld Bank
_c2005
300 _a38p;ill.
350 _a0.00
490 _aWorld Bank policy research working papers
650 0 _aAFRICA--ECONOMIC CONDITIONS
650 _aSOCIAL IMPACT--WTO AGREEMENTS--INDONESIA
700 _aRobison, Sherman
995 _D0.00
_FCBU-MAIN LIBRARY (Kitwe)
_H1
_I0.00
_M1
_UAVAILABLE
_WJun 6, 2006
_ZInternational Publications
999 _c57699
_d57699